000 00422nam a22001697a 4500
005 20160526110008.0
008 160526b xxu||||| |||| 00| 0 eng d
020 _a978-81-7194-499-4
041 _aeng
082 _b5126
100 _aSinganiya, Vinod & Monica
_91279
245 _aStudents Guide to income tax
260 _aNew Delhi
_bAcademic Faundation
300 _a959
650 _aManagement
_9241
942 _cBK
999 _c1790
_d1789